Lugares famosos de España - Map Quiz - Estadísticas

Estadísticas generales
  • Esta prueba ha sido intentada 91 veces
  • La puntuación promedio es 9 de 10
Respuestas en el mapa
Las respuestas están codificadas por una escala verde-roja en el mapa de la prueba según el % correcto abajo.
 
Estadísticas de respuestas
Respuesta % Correcto
Ciudad de las Artes y las Ciencias
94%
Museo Guggenheim
90%
Parque Güell
90%
Paseo del Prado y el Buen Retiro
90%
Catedral basílica de Nuestra Señora del Pilar
89%
Islas Cíes
89%
La Alhambra
89%
El Teide
87%
Dunas de Maspalomas
81%
Plaza de España
81%
No se encontraron pruebas coincidentes
Distribución de puntuación
Porcentaje de gente con cada puntuación
Porcentaje por número respondido
Historial de tus puntuaciones
No has intentado esta prueba.